History Quiz

Random History or War Quiz

Historical battles by year Quiz Stats

Quiz not verified by Sporcle

Challenge
Share
Tweet
Embed
Score 0/22 Timer 05:00
0 Plays Today
Battle Year % Correct
D-Day1944
97.2%
Twin Towers destroyed2001
97.2%
Atomic bombing of Hiroshima1945
96.8%
Battle of Stalingrad1942-1943
93.6%
Battle of Verdun1916
89.7%
Battle of Gettysburg1863
87.5%
Battle of Waterloo1815
86.1%
Falklands Islands War1982
84.7%
Battle of Ardennes1914
84.3%
Battle of Bull Run (1st)1861
81.5%
Battle of Antietam1862
81.1%
Battle Year % Correct
Battle of Hastings1066
80.1%
Battle of Bunker Hill1775
76.5%
Battle of Yorktown1781
74.7%
US invasion of Grenada1983
74%
Spanish-American War1898
73.7%
Battle of The Alamo1836
65.1%
The Battle of Huai-Hai1948
43.8%
Battle of Thermopylae (BC)480
31%
Spanish conquest of Cajamarca, Peru1532
27%
Battle of Watling Street60
9.3%
Battle of Salsu612
2.5%

You're not logged in!

Compare scores with friends on all Sporcle quizzes.
Sign Up with Email
OR
Log In

You Might Also Like...

Show Comments

Extras

Top Quizzes Today


Score Distribution

Your Account Isn't Verified!

In order to create a playlist on Sporcle, you need to verify the email address you used during registration. Go to your Sporcle Settings to finish the process.

Report this User

Report this user for behavior that violates our Community Guidelines.

Details: